Normal view
MARC view
Entry Geographic Name
001 - CONTROL NUMBER
- control field: 23292
003 - CONTROL NUMBER IDENTIFIER
- control field: ARRUPE
005 - DATE AND TIME OF LATEST TRANSACTION
- control field: 20160323115108.0
008 - FIXED-LENGTH DATA ELEMENTS
- fixed length control field: 160323|| aca||aabn | a|a d
040 ## - CATALOGING SOURCE
- Original cataloging agency: ARRUPE
- Transcribing agency: ARRUPE
151 ## - HEADING--GEOGRAPHIC NAME
- Geographic name: Nicaragua
- General subdivision: History
- Chronological subdivision: Revolution, 1979.
670 ## - SOURCE DATA FOUND
- Source citation: Work cat.: (ARRUPE)0: Weissberg, Arnold. 23291, Nicaragua :, 1987.